Statistics for Rooster Teeth- Eleven Little Roosters Death Order

Click here to take the quiz!

General Stats

  • This quiz has been taken 19 times
  • The average score is 14 of 22

Answer Stats

Episode Killer Victim Cause of Death % Correct
1Agent MooseJack the RedSmall calibre revolver round to the upper torso
100%
Boomerang Geoff/Geoff Ramsey
77%
Bruce, Wilhelm and KokoMavin/Gavin the 3rd/MikeyCranial explosion caused by high frequency soundwaves.
77%
Madame Mariel
69%
3Burnardo BurnadicciMarquee MarquisSmall calibre pistol round to the abdomen
69%
5WilhelmBurnardo BurnadicciRepeated stab wounds to the torso.
69%
Agent Jinx
69%
Agent MooseColonel CockfaceExsanguination due to a lateral serration to the neck
69%
The Griffon/Griffon RamseyDisintegration due to a point-blank explosion
69%
Ryan Haywood
62%
Koko
62%
Bruce
62%
n/aAgent Moosen/a
62%
Colonel Cockface (The Big Cock)The Big CockSmall calibre pistol round to the head. Presumed suicide.
62%
Agent Gibson
62%
7Agent JinxAgent KnuckleDisintegration due to a point-blank explosion.
62%
4Mavin/Gavin the 3rd/MikeyComrade HadamMassive blunt force trauma due to enlarged Tetris blocks
62%
Wilhelm
62%
8Mavin/Gavin The 3rd/MikeyLarsIncineration due to the Hammer of Cock
54%
2Marquee MarquisLa Luna LocoHigh calibre rifle round to the upper torso
54%
6The GriffonChristoph Weiss/Chris Demarais/Christoph the WhiteMassive blunt force trauma due to falling from a catwalk.
54%
So'rolla
54%

Score Distribution

Percentile by Number Answered

Percent of People with Each Score

Your Score History

You have not taken this quiz